000 00676nam a2200205Ia 4500
999 _c36139
_d36139
001 2039
003 GE_BSU
005 20221007104808.0
008 181216s2002ru xx |||||||||||||| ||rus||
020 _a5238002297
040 _cGE_BSU
041 _arus
080 _a347.7(075.8) К-63
245 _aКоммерческое право :
_bУчебник. для студ.вузов /
_cПод ред.М.М.Рассолова
264 _aМосква :
_bЮнити.Закон и право,
_c2002.
300 _a461 стр.:
653 _aКоммерческое право
653 _aკომერციული სამართალი
942 _cBK
_2udc